[Event "Michigan Class B"]
[Site "Grand Rapids, MI"]
[Date "1998.??.??"]
[Round "?"]
[White "King, Edwin"]
[Black "Thornton, Rome"]
[Result "0-1"]
[WhiteElo "1640"]
[BlackElo "1750"]
[PlyCount "116"]
[EventDate "1998.01.??"]

1. d4 d5 2. c4 c6 3. Nf3 Nf6 4. Nc3 e6 5. cxd5 cxd5 6. Bg5 Be7 7. e3 Nc6 8. Be2
O-O 9. O-O a6 10. Rc1 Bd7 11. a3 b5 12. Re1 Ne4 13. Nxe4 dxe4 14. Bxe7 Qxe7 15.
Nd2 f5 16. Nb3 Qd6 17. Nc5 Ra7 18. Qb3 Ne7 19. Rc2 Rf6 20. Rec1 Bc6 21. Rf1 Bd5
22. Qc3 Rh6 23. g3 g5 24. f3 Rc7 25. Qa5 Qc6 26. f4 gxf4 27. gxf4 e5 28. dxe5
Bb3 29. Ne6 Qxc2 30. Qxc7 Rxe6 31. Qxc2 Bxc2 32. Rc1 Bb3 33. Rc3 Bd5 34. Rc7
Kf7 35. Ra7 Rg6+ 36. Kf2 Rh6 37. Kg1 Rc6 38. Kf2 Ke6 39. Kg3 Kf7 40. Bh5+ Kf8
41. Ra8+ Nc8 42. Rb8 Rc7 43. Kh4 Kg7 44. Kg5 Be6 45. Ra8 h6+ 46. Kh4 Ra7 47.
Rb8 Ne7 48. Rb6 Bf7 49. Bxf7 Kxf7 50. Rxh6 Ra8 51. Rd6 a5 52. Kg3 b4 53. a4
Rg8+ 54. Kf2 Rg6 55. Rd2 b3 56. Kf1 Nc6 57. Rd7+ Ke8 58. Rb7 Nb4 {[Remainder
unavailable]} 0-1

[Event "Michigan Class B"]
[Site "Grand Rapids, MI"]
[Date "1998.??.??"]
[Round "?"]
[White "King, Edwin"]
[Black "Steen, Harold"]
[Result "1-0"]
[WhiteElo "1640"]
[BlackElo "1710"]
[PlyCount "105"]
[EventDate "1998.01.??"]

1. d4 Nf6 2. c4 g6 3. Nc3 Bg7 4. e4 d6 5. f3 Nbd7 6. Be3 O-O 7. Nge2 e5 8. d5
Re8 9. Qd2 Nf8 10. Bh6 b6 11. g4 Nxg4 12. Bxg7 Qh4+ 13. Ng3 Kxg7 14. fxg4 Bxg4
15. Be2 Bh3 16. Bf3 f5 17. O-O-O f4 18. Nf1 a6 19. Qe1 Qg5 20. Qf2 Nd7 21. Rg1
Qh6 22. Bg4 Nf6 23. Bxh3 Qxh3 24. Qg2 Qd7 25. Nd2 b5 26. a3 c5 27. dxc6 Qxc6
28. Qe2 Rac8 29. cxb5 axb5 30. Kb1 Rb8 31. Na2 Qb6 32. Nb4 Rec8 33. Nf3 Rc4 34.
Nd5 Nxd5 35. Rxd5 Rbc8 36. Rgd1 R8c6 37. Qd3 Qf2 38. Nd2 R4c5 39. Rxd6 Rxd6 40.
Qxd6 Qe2 41. Rc1 Rxc1+ 42. Kxc1 Qxh2 43. Qxe5+ Kh6 44. Qxb5 f3 45. Qf1 f2 46.
Kd1 Qh5+ 47. Qe2 Qh1+ 48. Nf1 Qh4 49. Qe3+ g5 50. Ke2 Kg6 51. e5 g4 52. e6 g3
53. Qxg3+ 1-0

[Event "Michigan Class B"]
[Site "Grand Rapids, MI"]
[Date "1998.??.??"]
[Round "?"]
[White "King, Edwin"]
[Black "Stacey, William"]
[Result "1-0"]
[WhiteElo "1640"]
[BlackElo "1615"]
[PlyCount "115"]
[EventDate "1998.01.??"]

1. d4 d5 2. c4 c6 3. Nf3 Nf6 4. Nc3 e6 5. Bg5 Bb4 6. cxd5 cxd5 7. Qa4+ Nc6 8.
e3 a6 9. Bd3 Bd7 10. Qb3 O-O 11. Ne5 a5 12. O-O h6 13. Bh4 Bc8 14. Rac1 Be7 15.
Nxc6 bxc6 16. Na4 Bd7 17. Qb6 Rb8 18. Qxd8 Rfxd8 19. b3 Re8 20. Nc5 Bxc5 21.
Rxc5 Ne4 22. Bxe4 dxe4 23. Rxa5 f5 24. Ra7 Bc8 25. Rc1 Rb7 26. Ra5 Bd7 27. f3
exf3 28. gxf3 Rc8 29. e4 g5 30. Bf2 f4 31. Rac5 Ra7 32. a4 Rb7 33. R5c3 Ra8 34.
Rb1 Kf7 35. Kg2 h5 36. Kf1 g4 37. fxg4 hxg4 38. Ke2 Rh8 39. Bg1 Rbb8 40. h3 f3+
41. Ke3 Rxh3 42. Rc2 Kg6 43. Kf4 Rf8+ 44. Ke5 g3 45. Rf1 f2 46. Bxf2 Rxf2 47.
Rcxf2 gxf2 48. Rxf2 Rxb3 49. Kd6 Bc8 50. Kxc6 Rb4 51. d5 Rxe4 52. dxe6 Bxe6 53.
a5 Ra4 54. Kb6 Bc4 55. Rf4 Kg5 56. Rd4 Kf5 57. Kc5 Ke5 58. Rxc4 1-0

[Event "Kalamazoo Mini-Swiss.3"]
[Site "Kalamazoo, MI"]
[Date "1998.??.??"]
[Round "?"]
[White "Kent, E."]
[Black "VanderLaan, D."]
[Result "0-1"]
[WhiteElo "1605"]
[BlackElo "1605"]
[PlyCount "84"]
[EventDate "1998.??.??"]

1. e4 e6 2. Qf3 c5 3. d3 Nc6 4. Nh3 Be7 5. Qf4 e5 6. Qf5 Nd4 7. Qxe5 d6 8. Qf4
Nxc2+ 9. Kd1 Nxa1 10. Ng5 Bxg5 11. Qxg5 Qxg5 12. Bxg5 f6 13. Bh4 Be6 14. d4
Bxa2 15. Bb5+ Ke7 16. Nc3 Bb3+ 17. Kd2 Nc2 18. Bd3 Nxd4 19. Re1 Kf7 20. e5 dxe5
21. f4 Nc6 22. fxe5 Nxe5 23. Bb5 Rd8+ 24. Kc1 c4 25. h3 a6 26. Ba4 Nd3+ 27. Kb1
Nxe1 28. Bxe1 Bxa4 29. Nxa4 Rd1+ 30. Kc2 Rxe1 31. Kd2 Re4 32. Nc5 f5 33. g4 Nf6
34. gxf5 Rd8+ 35. Kc3 Rh4 36. Kb4 b6 37. Nb7 Nd5+ 38. Ka3 Rxh3+ 39. Ka4 Rd7 40.
Nd6+ Rxd6 41. b3 Rxb3 42. f6 Nc3# 0-1

[Event "Kalamazoo Mini-Swiss.3"]
[Site "Kalamazoo, MI"]
[Date "1998.??.??"]
[Round "?"]
[White "Kent, E."]
[Black "Johnston, D."]
[Result "0-1"]
[WhiteElo "1605"]
[BlackElo "1605"]
[PlyCount "22"]
[EventDate "1998.??.??"]

1. Nh3 d5 2. e3 Nf6 3. Bb5+ Bd7 4. Qe2 Bxb5 5. Qxb5+ c6 6. Qb3 e6 7. O-O Bd6 8.
c4 O-O 9. d4 Bc7 10. e4 Qd6 11. Qf3 Qxh2# 0-1

[Event "Michigan Open Reserve"]
[Site "Flint, MI"]
[Date "1998.??.??"]
[Round "?"]
[White "Kane, Paul"]
[Black "Griffin, John"]
[Result "1-0"]
[WhiteElo "1650"]
[BlackElo "1605"]
[PlyCount "77"]
[EventDate "1998.09.??"]

1. d4 Nf6 2. c4 e6 3. Nc3 d5 4. Bg5 Be7 5. e3 h6 6. Bh4 O-O 7. Nf3 b6 8. Bd3
Bb7 9. Ne5 Nbd7 10. Qc2 dxc4 11. Bxc4 Nxe5 12. dxe5 Ng4 13. Bg3 Bxg2 14. Rg1
Bf3 15. h3 Nxe3 16. fxe3 Bh4 17. Qf2 Bxg3 18. Qxg3 Qg5 19. Kf2 Qxg3+ 20. Rxg3
Bh5 21. Rag1 g6 22. Ne4 Rad8 23. Nf6+ Kh8 24. Nxh5 gxh5 25. Ke2 Rg8 26. Rxg8+
Rxg8 27. Rxg8+ Kxg8 28. h4 Kf8 29. b4 Ke7 30. Kd3 Kd7 31. a4 a5 32. bxa5 bxa5
33. Kd4 Ke7 34. Kc5 f6 35. exf6+ Kxf6 36. Kb5 Kf5 37. Kxa5 Kg4 38. Bxe6+ Kf3
39. Kb4 1-0

[Event "Michigan Masters/Experts"]
[Site "Grand Rapids, MI"]
[Date "1998.??.??"]
[Round "?"]
[White "Kamberi, Sonny"]
[Black "Fischvogt, Eric"]
[Result "0-1"]
[WhiteElo "2310"]
[BlackElo "2205"]
[PlyCount "58"]
[EventDate "1998.01.??"]

1. d4 d5 2. c4 dxc4 3. Nf3 Nf6 4. e3 e6 5. Bxc4 c5 6. O-O a6 7. Qe2 b5 8. Bd3
Bb7 9. a4 b4 10. Nbd2 Nc6 11. Nb3 cxd4 12. exd4 Na5 13. Nxa5 Qxa5 14. Bg5 Be7
15. Ne5 O-O 16. Bxf6 Bxf6 17. Nd7 Qd5 18. Nxf6+ gxf6 19. Qg4+ Kh8 20. Qh3 f5
21. Rfd1 Rg8 22. Bf1 Rg4 23. Rac1 Rag8 24. Rc5 Rxg2+ 25. Bxg2 Rxg2+ 26. Kf1
Rg1+ 27. Ke2 Qe4+ 28. Qe3 Qg4+ 29. f3 Qg2+ 0-1

[Event "Michigan Masters/Experts"]
[Site "Grand Rapids, MI"]
[Date "1998.??.??"]
[Round "?"]
[White "Kamberi, Sonny"]
[Black "Bailey, Greg"]
[Result "1-0"]
[WhiteElo "2310"]
[BlackElo "2000"]
[PlyCount "69"]
[EventDate "1998.01.??"]

1. d4 e6 2. c4 f5 3. g3 Nf6 4. Bg2 Be7 5. Nf3 d6 6. O-O O-O 7. b3 Qe8 8. Nc3
Bd8 9. Qc2 Nc6 10. e4 fxe4 11. Nxe4 e5 12. dxe5 Nxe5 13. Nxe5 Qxe5 14. Bb2 Qh5
15. Nxf6+ Bxf6 16. Rfe1 Bf5 17. Bd5+ Kh8 18. Be4 Bxb2 19. Qxb2 Bxe4 20. Rxe4
Rae8 21. Qd4 Rxe4 22. Qxe4 Qf5 23. Qe3 b6 24. Re1 g6 25. Qd4+ Qf6 26. Qxf6+
Rxf6 27. Re7 Rf5 28. Rxc7 Ra5 29. a4 d5 30. cxd5 Rxd5 31. Rxa7 Rd1+ 32. Kg2 Rb1
33. Rb7 Rxb3 34. a5 b5 35. a6 1-0

[Event "Lansing Mini-Swiss.1"]
[Site "Lansing, MI"]
[Date "1998.??.??"]
[Round "?"]
[White "June, Brian"]
[Black "Sundeen, David"]
[Result "1-0"]
[WhiteElo "1800"]
[BlackElo "1645"]
[PlyCount "69"]
[EventDate "1998.??.??"]

1. d4 Nf6 2. Nf3 g6 3. g3 Bg7 4. Bg2 O-O 5. c4 d6 6. O-O Nbd7 7. Nc3 a6 8. e4
c5 9. b3 Rb8 10. Bb2 b5 11. cxb5 axb5 12. dxc5 dxc5 13. Qc2 Ba6 14. Rfd1 Qc7
15. Rac1 Ng4 16. Nd5 Qd8 17. Bxg7 Kxg7 18. Bh3 Ngf6 19. Nxf6 exf6 20. Bxd7 Qb6
21. Bh3 b4 22. Bg2 Rfe8 23. Qxc5 Qxc5 24. Rxc5 Rxe4 25. Rc2 Rbe8 26. h4 Be2 27.
Rdd2 R4e7 28. Kh2 Bb5 29. Nd4 Bd7 30. Bc6 Bxc6 31. Nxc6 Re1 32. Nxb4 Ra1 33.
Nd3 h5 34. Rc1 Rxc1 35. Nxc1 1-0

[Event "Michigan Open Reserve"]
[Site "Flint, MI"]
[Date "1998.??.??"]
[Round "?"]
[White "June, Brian"]
[Black "Smeckert, Dennis"]
[Result "1-0"]
[WhiteElo "1775"]
[BlackElo "1605"]
[PlyCount "59"]
[EventDate "1998.09.??"]

1. d4 d5 2. c4 e5 3. dxe5 d4 4. Nf3 Nc6 5. g3 Be6 6. Qa4 Qd7 7. Bd2 O-O-O 8. a3
a6 9. Bg2 Be7 10. O-O h5 11. h4 Nxe5 12. Qxd7+ Nxd7 13. Nxd4 Bxc4 14. Nc3 Ne5
15. Be3 Nh6 16. b3 Be6 17. Nxe6 fxe6 18. Bf4 Nhf7 19. Ne4 g5 20. hxg5 h4 21.
Bh3 hxg3 22. Bxe6+ Kb8 23. fxg3 Rdg8 24. Bxf7 Nxf7 25. Bxc7+ Kxc7 26. Rxf7 Kd8
27. Rd1+ Ke8 28. Rf5 Rf8 29. Re5 Kf7 30. Rf1+ 1-0

[Event "Lansing Mini-Swiss.1"]
[Site "Lansing, MI"]
[Date "1998.??.??"]
[Round "?"]
[White "June, Brian"]
[Black "Santiago, Reynaldo"]
[Result "0-1"]
[WhiteElo "1800"]
[BlackElo "2015"]
[PlyCount "108"]
[EventDate "1998.??.??"]

1. e4 c5 2. Nf3 d6 3. d4 cxd4 4. Nxd4 Nf6 5. Nc3 a6 6. Be3 e5 7. Nf3 Bg4 8. Be2
Be7 9. O-O Qc7 10. Qd2 Nbd7 11. h3 Be6 12. Rfd1 O-O 13. Ne1 Bc4 14. Bf3 Rac8
15. Ne2 b5 16. Ng3 Be6 17. Nf5 Bxf5 18. exf5 e4 19. Be2 d5 20. g4 h6 21. h4 Ne5
22. Bf4 Bd6 23. Bxe5 Bxe5 24. c3 Rfd8 25. g5 Bf4 26. Qd4 hxg5 27. Ng2 Be5 28.
Qe3 Bf4 29. Qh3 gxh4 30. Qxh4 Bh6 31. Rd4 Qe5 32. Qh3 Rc5 33. Rad1 a5 34. Kh1
b4 35. c4 Re8 36. Ne3 Bxe3 37. fxe3 dxc4 38. Bxc4 Qxf5 39. Qxf5 Rxf5 40. Be2 g6
41. Rf1 Rxf1+ 42. Bxf1 Ng4 43. Bg2 f5 44. Rd5 Re5 45. Rd6 Kg7 46. Bf1 Nxe3 47.
Ba6 f4 48. Rd7+ Kf6 49. Rd8 f3 50. Rf8+ Kg5 51. Kg1 Rf5 52. Rxf5+ Kxf5 53. Bc8+
Kf4 54. Kf2 g5 0-1

[Event "Michigan Open Reserve"]
[Site "Flint, MI"]
[Date "1998.??.??"]
[Round "?"]
[White "June, Brian"]
[Black "Roth, Bruce"]
[Result "1-0"]
[WhiteElo "1775"]
[BlackElo "1605"]
[PlyCount "131"]
[EventDate "1998.09.??"]

1. d4 Nf6 2. c4 e6 3. Nf3 d5 4. Nc3 Be7 5. e3 O-O 6. Bd3 dxc4 7. Bxc4 Nbd7 8.
O-O a6 9. a4 Nb6 10. Be2 c5 11. Qb3 cxd4 12. Rd1 Qc7 13. exd4 Rd8 14. Bg5 Nfd5
15. Nxd5 Nxd5 16. Rac1 Qd6 17. Bxe7 Qxe7 18. a5 Qd6 19. Ng5 Nf6 20. Nf3 Rb8 21.
Ne5 Bd7 22. Nc4 Qe7 23. Nb6 Bc6 24. Qh3 Qb4 25. Qc3 Nd5 26. Nxd5 Qd6 27. Nb6
Bd7 28. Qc7 Bc6 29. Qxd6 Rxd6 30. Bf3 Bxf3 31. gxf3 g6 32. Kf1 Rbd8 33. Rc4 Kg7
34. Ke2 Kf6 35. Ke3 g5 36. Rc7 Kg6 37. Rd2 f5 38. b4 Re8 39. Nc4 Rd5 40. Ne5+
Kh6 41. Rdc2 Rb5 42. Nf7+ Kg6 43. Nd6 e5 44. Nxe8 exd4+ 45. Kd3 Rxb4 46. R7c4
Rb3+ 47. Kxd4 Rxf3 48. Nd6 Rh3 49. Nxb7 Rxh2 50. Rc6+ Kh5 51. Ke5 f4 52. Kf5 f3
53. Nd6 Rh4 54. R2c4 Rxc4 55. Rxc4 h6 56. Ne4 Kh4 57. Ng3+ Kh3 58. Rc1 Kg2 59.
Rf1 Kh3 60. Rh1+ Kg2 61. Rxh6 Kxf2 62. Ne4+ Ke3 63. Re6 Ke2 64. Nxg5+ Kf2 65.
Rxa6 Kg3 66. Nxf3 1-0

[Event "Michigan Open Reserve"]
[Site "Flint, MI"]
[Date "1998.??.??"]
[Round "?"]
[White "June, Brian"]
[Black "Parker, Harvard"]
[Result "0-1"]
[WhiteElo "1775"]
[BlackElo "1605"]
[PlyCount "120"]
[EventDate "1998.09.??"]

1. d4 f5 2. Nf3 Nf6 3. c4 g6 4. Nc3 Bg7 5. e3 O-O 6. Be2 d6 7. O-O Nc6 8. Qc2
e5 9. dxe5 Nxe5 10. b3 b6 11. Bb2 Bb7 12. Nxe5 dxe5 13. Rad1 Qe8 14. Nb5 Qc6
15. Bf3 e4 16. Be2 a6 17. Nd4 Qe8 18. c5 b5 19. c6 Bc8 20. Qc5 Be6 21. Nxe6
Qxe6 22. Rd2 Rfd8 23. Rfd1 Rxd2 24. Rxd2 Bf8 25. Qc3 Be7 26. Rd7 Bd8 27. Qd4
Be7 28. a4 Kf8 29. Rxe7 Kxe7 30. Ba3+ Ke8 31. Qc5 Kf7 32. axb5 axb5 33. Bxb5
Kg7 34. Bc4 Qd6 35. Qxd6 cxd6 36. Bb2 Rc8 37. Bd5 g5 38. b4 Kg6 39. Bxf6 Kxf6
40. b5 Rb8 41. Bc4 Rc8 42. Kf1 Ke5 43. Ke1 d5 44. Be2 Kd6 45. Kd2 Rf8 46. g3 f4
47. gxf4 gxf4 48. Bg4 fxe3+ 49. Kxe3 Rb8 50. Be2 Kc7 51. h4 Rf8 52. h5 Kb6 53.
Bg4 Rf6 54. Kd4 Rxf2 55. Kxd5 e3 56. Kd6 Rd2+ 57. Ke6 e2 58. Bxe2 Rxe2+ 59. Kf6
Rg2 60. h6 Rg6+ 0-1

[Event "Michigan Open Reserve"]
[Site "Flint, MI"]
[Date "1998.??.??"]
[Round "?"]
[White "June, Brian"]
[Black "McNair, Shawn"]
[Result "0-1"]
[WhiteElo "1775"]
[BlackElo "1605"]
[PlyCount "54"]
[EventDate "1998.09.??"]

1. d4 Nf6 2. c4 e5 3. dxe5 Ng4 4. Nf3 Bc5 5. e3 Nc6 6. Be2 Ngxe5 7. O-O O-O 8.
Nxe5 Nxe5 9. Qd5 Qe7 10. b3 d6 11. Bb2 Ng6 12. Nc3 Re8 13. Kh1 c6 14. Qd2 Bf5
15. Na4 Rad8 16. Qc3 f6 17. Nxc5 dxc5 18. Rfe1 Ne5 19. Rad1 Ng4 20. Bxg4 Bxg4
21. Rxd8 Rxd8 22. f3 Bh5 23. e4 Qd7 24. e5 fxe5 25. Qxe5 Re8 26. Qxg7+ Qxg7 27.
Rxe8+ Bxe8 0-1

[Event "Lansing Mini-Swiss.3"]
[Site "Lansing, MI"]
[Date "1998.??.??"]
[Round "?"]
[White "Jong, D."]
[Black "Vitale, J."]
[Result "0-1"]
[WhiteElo "1605"]
[BlackElo "1605"]
[PlyCount "90"]
[EventDate "1998.??.??"]

1. d4 e6 2. e4 c5 3. Nf3 Nf6 4. Nc3 cxd4 5. Nxd4 Bb4 6. Bd2 Bxc3 7. Bxc3 Nxe4
8. Bc4 Nc6 9. Bd3 Nxf2 10. Qe2 Nxh1 11. O-O-O Nxd4 12. Qd2 h6 13. Qe1 Qg5+ 14.
Bd2 Qxg2 15. Qxh1 Qxh1 16. Rxh1 O-O 17. Bc3 e5 18. Re1 d6 19. h4 g6 20. Re4 Bf5
21. Re3 Bxd3 22. Rxd3 Ne2+ 23. Kd1 Nxc3+ 24. Rxc3 Rac8 25. Rd3 Rfd8 26. b3 f5
27. Rd2 b5 28. a3 a5 29. c3 Rxc3 30. Rb2 Rh3 31. a4 b4 32. h5 Rxh5 33. Rc2 g5
34. Rf2 f4 35. Re2 g4 36. Ke1 Rc8 37. Kf2 Rh2+ 38. Kf1 Rxe2 39. Kxe2 e4 40. Kf2
Rc2+ 41. Ke1 f3 42. Kd1 Rh2 43. Ke1 e3 44. Kf1 g3 45. Ke1 g2 0-1

[Event "Lansing Mini-Swiss.3"]
[Site "Lansing, MI"]
[Date "1998.??.??"]
[Round "?"]
[White "Jong, D."]
[Black "Crysler, Jerry"]
[Result "0-1"]
[WhiteElo "1605"]
[BlackElo "1605"]
[PlyCount "70"]
[EventDate "1998.??.??"]

1. d4 g6 2. e4 Bg7 3. Nf3 c5 4. Be3 b6 5. Bd3 Nc6 6. Be2 cxd4 7. Nxd4 Bb7 8.
O-O Nf6 9. Nc3 O-O 10. Qd2 Ne5 11. Bf3 Nc4 12. Qe2 Ne5 13. Bf4 Nxf3+ 14. Nxf3
Nh5 15. Be5 f6 16. Bd4 Nf4 17. Qe3 e5 18. Nd5 Nxd5 19. exd5 exd4 20. Nxd4 Bxd5
21. Rad1 Re8 22. Qd3 Be4 23. Qc4+ Kh8 24. Nb3 Rc8 25. Qa6 Bxc2 26. Rd3 Bxd3 27.
Qxd3 f5 28. Nd4 Qc7 29. h3 Re4 30. f3 Rxd4 31. Qe3 Rc4 32. b3 Bd4 33. Re1 Bxe3+
34. Rxe3 Rc1+ 35. Kf2 Qc5 0-1

[Event "Michigan Open Reserve"]
[Site "Flint, MI"]
[Date "1998.??.??"]
[Round "?"]
[White "Jones, Gary"]
[Black "Cox, Nick"]
[Result "1-0"]
[WhiteElo "1605"]
[BlackElo "1605"]
[PlyCount "37"]
[EventDate "1998.09.??"]

1. e4 e5 2. f4 exf4 3. Nf3 Nf6 4. Nc3 Bc5 5. d4 Bb4 6. Bd3 Bxc3+ 7. bxc3 d5 8.
exd5 Nxd5 9. c4 Nf6 10. Bxf4 Nc6 11. c3 O-O 12. O-O g6 13. Bg5 Re8 14. Ne5 Nxe5
15. Bxf6 Qd7 16. dxe5 b6 17. Qd2 Bb7 18. Qh6 Qxd3 19. Qg7# 1-0

[Event "Michigan Senior"]
[Site "Ann Arbor, MI"]
[Date "1998.??.??"]
[Round "?"]
[White "Jointer, William"]
[Black "Wiener, Jack"]
[Result "1-0"]
[WhiteElo "1605"]
[BlackElo "1605"]
[PlyCount "69"]
[EventDate "1998.06.??"]

{6/14} 1. d4 d5 2. e4 dxe4 3. Nc3 Nf6 4. f3 exf3 5. Nxf3 e6 6. Bg5 Be7 7. Bd3
Nc6 8. Ne2 Ng4 9. Bxe7 Qxe7 10. Qd2 e5 11. d5 Nb4 12. Bb5+ c6 13. d6 Qd7 14.
Ba4 Nd5 15. O-O b5 16. Bxb5 cxb5 17. Qxd5 Bb7 18. Qd2 O-O 19. h3 e4 20. Ne1 e3
21. Qd4 Nf6 22. Nd3 Qc6 23. Ne1 Rfe8 24. Qf4 Re4 25. Qg3 Nh5 26. Qf3 Nf6 27.
Rd1 Rd8 28. Qg3 Qc4 29. Rd3 Re6 30. Rf4 Qxa2 31. Nd4 Nh5 32. Qg5 Rc8 33. Qxh5
Qb1 34. Qxf7+ Kh8 35. Qf8+ 1-0

[Event "Lansing Mini-Swiss.1"]
[Site "Lansing, MI"]
[Date "1998.??.??"]
[Round "?"]
[White "Jointer, William"]
[Black "Sundeen, David"]
[Result "1-0"]
[WhiteElo "1620"]
[BlackElo "1645"]
[PlyCount "65"]
[EventDate "1998.??.??"]

1. d4 Nf6 2. Nf3 d6 3. Nbd2 g6 4. e4 Bg7 5. c3 O-O 6. Bd3 Nbd7 7. O-O c5 8. Bc4
cxd4 9. cxd4 Nb6 10. Bb3 Bg4 11. h3 Bxf3 12. Qxf3 Nfd7 13. Qe3 Qc7 14. f4 e5
15. fxe5 dxe5 16. d5 Kh8 17. Nf3 f5 18. Ng5 f4 19. Qe2 Qd6 20. Bd2 Rf6 21. a3
Nf8 22. Bb4 Qd7 23. Rac1 h6 24. Nf3 Rc8 25. Nxe5 Qe8 26. Ng4 Rf5 27. Rxc8 Nxc8
28. Rc1 Nb6 29. Rc7 Nxd5 30. Bxd5 Rxd5 31. Re7 Qb5 32. exd5 Qxe2 33. Rxe2 1-0

[Event "Michigan Open Reserve"]
[Site "Flint, MI"]
[Date "1998.??.??"]
[Round "?"]
[White "Jointer, William"]
[Black "Russell, Scott"]
[Result "1-0"]
[WhiteElo "1605"]
[BlackElo "1605"]
[PlyCount "107"]
[EventDate "1998.09.??"]

1. d4 d5 2. e4 dxe4 3. Nc3 Bf5 4. f3 Nf6 5. fxe4 Nxe4 6. Qf3 Nd6 7. Bf4 Qc8 8.
O-O-O Bg4 9. Qg3 Bxd1 10. Kxd1 Nd7 11. Nf3 g6 12. h4 b6 13. Bxd6 exd6 14. Bc4
Be7 15. Re1 Qd8 16. Nd5 O-O 17. Nxe7+ Kg7 18. Nc6 Qf6 19. Re7 Nb8 20. Rxc7 Nxc6
21. Rxc6 Rad8 22. c3 b5 23. Bxb5 Qe6 24. Bc4 Qe4 25. Rc7 Qb1+ 26. Kd2 Qxb2+ 27.
Ke1 Rfe8+ 28. Kf1 Qc1+ 29. Ne1 d5 30. Qf2 Rxe1+ 31. Qxe1 Qf4+ 32. Kg1 Qxc7 33.
Bb3 Rc8 34. Bxd5 Qxc3 35. Qe5+ Kg8 36. h5 a5 37. hxg6 Qc1+ 38. Kh2 Qh6+ 39. Kg1
Rc1+ 40. Kf2 Qh4+ 41. g3 Qh2+ 42. Kf3 Qh1+ 43. Kg4 Qd1+ 44. Kh4 hxg6 45. Qe8+
Kh7 46. Qxf7+ Kh6 47. Qf8+ Kh7 48. Bg8+ Kh8 49. Bb3+ Kh7 50. Bxd1 Rxd1 51. Kg5
a4 52. Qf7+ Kh8 53. Qxg6 a3 54. Qh5+ 1-0

[Event "Michigan Open Reserve"]
[Site "Flint, MI"]
[Date "1998.??.??"]
[Round "?"]
[White "Jointer, William"]
[Black "Moore, Martin"]
[Result "1-0"]
[WhiteElo "1605"]
[BlackElo "1605"]
[PlyCount "59"]
[EventDate "1998.09.??"]

1. d4 d5 2. e4 c6 3. Nc3 e6 4. e5 Bb4 5. Qg4 g6 6. Bd2 Nd7 7. Bd3 c5 8. a3 Bxc3
9. bxc3 c4 10. Be2 f6 11. Qxe6+ Qe7 12. Qxd5 fxe5 13. Nf3 Ngf6 14. Qxc4 Nb6 15.
Qb3 Be6 16. Bb5+ Nfd7 17. c4 exd4 18. O-O O-O 19. Rfe1 Qf7 20. Bb4 Rfd8 21. Ng5
Bxc4 22. Nxf7 Bxb3 23. Nxd8 Rxd8 24. cxb3 Nd5 25. Bd2 Kf7 26. Bg5 N5f6 27. Rac1
a6 28. Bc4+ Kg7 29. Re7+ Kf8 30. Rf7+ 1-0

[Event "U.S. Amateur North"]
[Site "Detroit, MI"]
[Date "1998.??.??"]
[Round "?"]
[White "Jointer, William"]
[Black "Henry, Robynne"]
[Result "0-1"]
[WhiteElo "1605"]
[BlackElo "1605"]
[PlyCount "53"]
[EventDate "1998.05.??"]

{5/24} 1. d4 d5 2. e4 dxe4 3. Nc3 Nf6 4. f3 Bf5 5. g4 Bg6 6. h4 h6 7. f4 e3 8.
Bxe3 Be4 9. Nxe4 Nxe4 10. Qf3 Qd5 11. Bd3 Nf6 12. g5 hxg5 13. fxg5 Qxf3 14.
Nxf3 Nd5 15. Bd2 g6 16. O-O-O a6 17. Rdf1 Bg7 18. Bc4 Nb6 19. Bb3 N8d7 20. Bb4
e6 21. Nd2 Bxd4 22. Rf4 c5 23. Ba5 Be3 24. Rff1 c4 25. Rf3 Bxg5 26. Rfh3 Bxd2+
27. Kxd2 {[Remainder illegible]} 0-1

[Event "Michigan Open Reserve"]
[Site "Flint, MI"]
[Date "1998.??.??"]
[Round "?"]
[White "Jointer, William"]
[Black "Councell, Keith"]
[Result "1-0"]
[WhiteElo "1605"]
[BlackElo "1605"]
[PlyCount "91"]
[EventDate "1998.09.??"]

1. d4 c6 2. e4 d5 3. exd5 cxd5 4. c4 Nc6 5. Nc3 dxc4 6. Nf3 e6 7. Bxc4 Bb4 8.
O-O Nge7 9. Bg5 O-O 10. Bd3 f6 11. Be3 a6 12. Qc2 Nf5 13. Rad1 b5 14. a3 Ba5
15. Ne4 Bb6 16. Qxc6 Bd7 17. Qc2 Rc8 18. Qb3 Kh8 19. Rc1 Bc6 20. Qxe6 Nxd4 21.
Nxd4 Bxd4 22. Rxc6 Rxc6 23. Qxc6 Bxe3 24. Rd1 Bf4 25. g3 Be5 26. Be2 Qe7 27.
Rd7 Qe8 28. Qb7 f5 29. Ng5 Qg6 30. Nf3 Bxb2 31. Bd3 Qf6 32. Nh4 f4 33. Qe4 g6
34. Qb7 fxg3 35. Rxh7+ Kg8 36. f3 Bd4+ 37. Kg2 gxh2 38. Kxh2 Qe5+ 39. Kh3 Bf2
40. Qc7 Qe6+ 41. Bf5 Qf6 42. Be6+ Rf7 43. Qxf7+ Qxf7 44. Rxf7 g5 45. Ng6 a5 46.
Rb7# 1-0

[Event "Lansing Mini-Swiss.2"]
[Site "Lansing, MI"]
[Date "1998.??.??"]
[Round "?"]
[White "Jointer, William"]
[Black "Carl, Kevin"]
[Result "0-1"]
[WhiteElo "1620"]
[BlackElo "1605"]
[PlyCount "56"]
[EventDate "1998.??.??"]

1. d4 Nf6 2. Nc3 g6 3. e4 d6 4. f4 Bg7 5. Nf3 O-O 6. Bc4 Nc6 7. e5 Ne8 8. O-O
Na5 9. Bd3 c5 10. d5 e6 11. Qe2 dxe5 12. dxe6 Bxe6 13. fxe5 Nc6 14. Bg5 Qc7 15.
Rae1 a6 16. Ne4 Nxe5 17. Nxe5 Bxe5 18. Bh6 c4 19. Ng5 Bd4+ 20. Kh1 cxd3 21.
Qxd3 Bg7 22. Rxe6 Bxh6 23. Nxf7 Rxf7 24. Rfe1 Ng7 25. R6e4 Rf2 26. Qd5+ Kh8 27.
Rc4 Qf7 28. Qd3 Rd2 0-1

[Event "Michigan Senior"]
[Site "Ann Arbor, MI"]
[Date "1998.??.??"]
[Round "?"]
[White "Jointer, William"]
[Black "Burch, Daniel"]
[Result "1-0"]
[WhiteElo "1605"]
[BlackElo "1760"]
[PlyCount "39"]
[EventDate "1998.06.??"]

{6/13} 1. d4 d5 2. e4 dxe4 3. Nc3 e6 4. f3 exf3 5. Nxf3 Nf6 6. Bg5 Be7 7. Bd3
Nc6 8. O-O O-O 9. Qe1 Nxd4 10. Qh4 Nxf3+ 11. Rxf3 g6 12. Bxf6 Bxf6 13. Rxf6 b6
14. Rd1 Kg7 15. Rf4 Qe8 16. Qf6+ Kg8 17. Be4 c6 18. Rh4 Bd7 19. Rd3 Rd8 20.
Rxh7 1-0

[Event "Lansing Mini-Swiss.2"]
[Site "Lansing, MI"]
[Date "1998.??.??"]
[Round "?"]
[White "Jointer, William"]
[Black "Asbury, Victor"]
[Result "0-1"]
[WhiteElo "1605"]
[BlackElo "1605"]
[PlyCount "78"]
[EventDate "1998.??.??"]

1. d4 Nf6 2. Nc3 g6 3. e4 Bg7 4. f4 O-O 5. Nf3 d6 6. Bc4 a6 7. O-O b5 8. Bb3
Nc6 9. Be3 Na5 10. e5 Ng4 11. Bd2 Nxb3 12. axb3 Bb7 13. Ng5 Nh6 14. e6 Bxd4+
15. Kh1 Bg7 16. exf7+ Nxf7 17. Ne6 Qd7 18. Nxf8 Rxf8 19. Qe2 Nh6 20. Rae1 Rf7
21. Bc1 Nf5 22. Ne4 e5 23. c3 Re7 24. Qg4 exf4 25. Rxf4 d5 26. Rd1 Qe8 27. Nf6+
Bxf6 28. Rxf5 Bc8 29. Qg3 Bxf5 30. h3 Be5 31. Qf3 Be4 32. Qg4 Qf8 33. Be3 Rf7
34. Qe6 Bd6 35. Bd4 Qe7 36. Qc8+ Rf8 37. Qg4 h5 38. Qe2 Qg5 39. Rg1 Qg3 0-1

[Event "Lansing Mini-Swiss.2"]
[Site "Lansing, MI"]
[Date "1998.??.??"]
[Round "?"]
[White "Jointer, William"]
[Black "Asbury, Victor"]
[Result "1-0"]
[WhiteElo "1620"]
[BlackElo "1605"]
[PlyCount "59"]
[EventDate "1998.??.??"]

1. d4 Nf6 2. Nc3 g6 3. e4 Bg7 4. f4 O-O 5. e5 Ne8 6. Nf3 d6 7. Bc4 Bf5 8. h3 h5
9. Be3 Nd7 10. Qd2 Nb6 11. Bb3 d5 12. O-O-O c6 13. Rhg1 Qd7 14. Nh4 e6 15. Qe2
f6 16. g4 Be4 17. Nxe4 dxe4 18. Nxg6 fxe5 19. Nxf8 Kxf8 20. fxe5 Nd5 21. Rdf1+
Ke7 22. Bg5+ Nef6 23. exf6+ Bxf6 24. Bxf6+ Nxf6 25. g5 Ne8 26. Qxh5 Nd6 27. Rf6
Rf8 28. Rxf8 Kxf8 29. Rf1+ Nf7 30. g6 1-0